ბათუმის შოთა რუსთაველის სახელმწიფო უნივერსიტეტის ბიბლიოთეკა

Worldwide Destinationns : (ბიბ.ჩანაწერი № 41125)

000 -LEADER
fixed length control field 00751nam a2200229Ia 4500
001 - CONTROL NUMBER
control field 7775
003 - CONTROL NUMBER IDENTIFIER
control field GE_BSU
005 - DATE AND TIME OF LATEST TRANSACTION
control field 20221116111639.0
008 - FIXED-LENGTH DATA ELEMENTS--GENERAL INFORMATION
fixed length control field 181216s2009en xx |||||||||||||| ||eng||
020 ## - INTERNATIONAL STANDARD BOOK NUMBER
International Standard Book Number 9780750689472 x
040 ## - CATALOGING SOURCE
Transcribing agency GE_BSU
041 ## - LANGUAGE CODE
Language code of text/sound track or separate title eng
080 ## - UNIVERSAL DECIMAL CLASSIFICATION NUMBER
Universal Decimal Classification number 796.5+338.48+910 B-76
100 ## - MAIN ENTRY--PERSONAL NAME
Personal name Boniface,Brian
9 (RLIN) 14788
245 ## - TITLE STATEMENT
Title Worldwide Destinationns :
Remainder of title The Geography of Travel and Tourism /
Statement of responsibility, etc. Brian Boniface.
264 ## - PRODUCTION, PUBLICATION, DISTRIBUTION, MANUFACTURE, AND COPYRIGHT NOTICE
Place of production, publication, distribution, manufacture Amsterdam :
Name of producer, publisher, distributor, manufacturer Elselvier,
Date of production, publication, distribution, manufacture, or copyright notice 2009.
300 ## - PHYSICAL DESCRIPTION
Extent 644 p.:
Other physical details col. Ill.
Dimensions 25 cm.
Accompanying material maps;
653 ## - INDEX TERM--UNCONTROLLED
keyword The Geography of Travel and Tourism
653 ## - INDEX TERM--UNCONTROLLED
keyword Worldwide Destinationns
653 ## - INDEX TERM--UNCONTROLLED
keyword მოგზაურობისა და ტურიზმის გეოგრაფია
942 ## - ADDED ENTRY ELEMENTS (KOHA)
Koha item type წიგნი
Source of classification or shelving scheme
ეგზემპლარები
Withdrawn status Lost status Source of classification or shelving scheme Damaged status Not for loan Permanent Location Current Location Shelving location Date acquired Cost, normal purchase price Full call number Barcode Date last seen Copy number Price effective from Koha item type Public note
          ბათუმის შოთა რუსთაველის სახელმწიფო უნივერსიტეტის მთავარი ბიბლიოთეკა ბათუმის შოთა რუსთაველის სახელმწიფო უნივერსიტეტის მთავარი ბიბლიოთეკა წიგნსაცავი 2018-12-17 86.00 796.5+338.48+910 B-76 24164 2018-12-17 24164 2018-12-17 წიგნი 86 gel.